[Event "Bad Woerishofen op"]
[Site "?"]
[Date "2001.??.??"]
[Round "1"]
[White "Kunz, Konstantin"]
[Black "Forster, Manfred"]
[Result "1-0"]
[WhiteElo "2196"]
[BlackElo "1900"]
[Annotator "ChessOrg"]
[PlyCount "41"]
[EventDate "2000.??.??"]

1. d4 {D03: Damenbauernspiele} 1... Nf6 2. Nf3 d5 3. Bg5 e6 4. Nbd2 Be7 5. e3
5... c6 {letzter Buchzug} 6. Bd3 Nbd7 7. Qe2 Qb6 (7... c5 8. c3 $11) 8. Rb1 c5
9. c3 cxd4 10. cxd4 O-O 11. O-O Qd8 12. Rbd1 a6 13. Ne5 13... Ne4 $2 (13...
Nxe5 $5 $142 14. dxe5 Nd7 15. Bxe7 15... Qxe7 $11) 14. Bxe7 $18 14... Qxe7 15.
Nxe4 Nxe5 (15... dxe4 16. Bxe4 f5 17. Bd3 $16) 16. dxe5 dxe4 17. Bxe4 Qb4 18.
Rd4 Qa5 19. f4 Qxa2 20. Qc2 20... g6 $4 (20... Qa5 21. Bxh7+ 21... Kh8 $18) 21.
Ra4 (21. Ra4 Qxa4 22. Qxa4 $18) 1-0

[Event "Bad Woerishofen op"]
[Site "Bad Woerishofen"]
[Date "2001.??.??"]
[Round "3"]
[White "Kunz, Konstantin"]
[Black "Schaffarth, Peter"]
[Result "1-0"]
[WhiteElo "2196"]
[BlackElo "2141"]
[Annotator "ChessOrg"]
[PlyCount "63"]
[EventDate "1998.03.05"]
[Source "ChessBase"]
[SourceDate "1998.04.29"]

1. d4 {E12: Damenindisch (Petrosjan-System)} 1... Nf6 2. Nf3 b6 3. c4 Bb7 4.
Nc3 e6 5. a3 Be7 6. d5 O-O 7. e4 d6 8. b4 {letzter Buchzug} 8... a5 9. Bb2 axb4
10. axb4 Na6 (10... Rxa1 $5 11. Bxa1 11... c6 $11) 11. Qb3 Qd7 12. Be2 Rfe8 13.
O-O e5 14. Ra4 Nb8 15. Rxa8 Bxa8 16. Ra1 Bb7 17. c5 dxc5 18. Nxe5 (18. Bb5 $5
18... c4 19. Bxd7 cxb3 20. Bxe8 Nxe8 21. Ra7 $18) 18... Qc8 $14 19. d6 Bxd6 20.
Nxf7 (20. Qxf7+ $143 20... Kh8 21. Nc4 21... cxb4 $17) 20... Kf8 21. Ng5 Qd7 (
21... Re7 22. bxc5 Bxc5 23. Bc4 $16) 22. bxc5 (22. Ra7 cxb4 23. Rxb7 bxc3 24.
Bxc3 Nxe4 25. Nxe4 Rxe4 26. Rxb8+ 26... Re8 $18) 22... Bxc5 $16 23. Rd1 Qe7 24.
Bc4 Bxf2+ 25. Kh1 (25. Kf1 Ba6 26. Nd5 Bxc4+ 27. Qxc4 $18) 25... Bc8 $4 (25...
Qe5 $5 26. Ne6+ Rxe6 27. Bxe6 27... Nc6 $16) 26. Rf1 (26. Nd5 Nxd5 27. Qf3+ Qf6
28. Nxh7+ Ke7 29. Nxf6 Nxf6 30. Qxf2 30... Bd7 $18) 26... h6 $2 (26... Qe5 $142
27. Nf3 Qf4 28. Rxf2 28... Nbd7 $18) 27. Nd5 (27. Rxf2 hxg5 28. Nd5 Qxe4 29.
Ba3+ c5 30. Nxf6 Qe1+ 31. Bf1 Re6 32. Ng4+ Ke8 33. Bxc5 33... Nd7 $18) 27...
Nxd5 28. Rxf2+ Kg8 29. Bxd5+ Kh8 30. Nf7+ Kh7 31. Qg3 g6 (31... Rg8 32. Nxh6 $1
32... Kxh6 33. Bxg8 Qg5 34. Qxc7 Bd7 35. Bc1 Kg6 36. Qd6+ Kh5 37. Bf7+ g6 38.
Bxg5 Be6 39. Qg3 Bxf7 40. Qh4#) 32. Qc3 (32. Qc3 Qe5 33. Nxe5 Bh3 34. Rf7+ Kg8
35. Re7+ Be6 36. Bxe6+ Kh8 37. Nxg6#) 1-0

[Event "Bad Woerishofen op"]
[Site "Bad Woerishofen"]
[Date "2001.??.??"]
[Round "4"]
[White "Kunz, Konstantin"]
[Black "Varga, Zoltan"]
[Result "0-1"]
[WhiteElo "2196"]
[BlackElo "2519"]
[Annotator "ChessOrg"]
[PlyCount "98"]
[EventDate "1998.03.05"]
[Source "ChessBase"]
[SourceDate "1998.04.29"]

1. d4 {A41: Moderne Verteidigung} 1... d6 2. Bg5 h6 3. Bh4 3... g5 {
letzter Buchzug} 4. Bg3 Bg7 5. e3 c5 6. c3 Qb6 7. Qb3 Be6 8. Qxb6 axb6 9. a3 f5
10. f4 (10. Bd3 $5 $11) 10... Nf6 $15 11. Nf3 Nd5 12. Kf2 Bf6 13. Bb5+ Nc6 14.
Nbd2 Ra5 15. c4 gxf4 16. exf4 Rxb5 17. cxb5 Nxd4 18. Rae1 Kd7 19. Nc4 Nxb5 20.
Bh4 Bxh4+ 21. Nxh4 Nxf4 22. Nxb6+ Kc6 23. Kg3 Rg8+ (23... Kxb6 $143 24. Kxf4
Nc7 25. Ke3 $15) 24. Kxf4 Rg4+ 25. Kf3 Rxh4 26. Kg3 Rg4+ 27. Kf2 Nd4 (27...
Kxb6 $6 28. Rxe6 Rc4 29. Kg3 $11) 28. Na4 Bd5 29. Rhg1 e5 30. Nc3 Rf4+ 31. Kg3
Bc4 32. h3 (32. a4 $5 $19) 32... b5 33. b4 Nc2 34. Rc1 Ne3 (34... Nxa3 $5 $142
35. bxc5 b4 36. Na4 dxc5 37. Rge1 $19) 35. bxc5 dxc5 36. Nd1 $4 (36. h4 $19
$142) 36... Rd4 (36... Nf1+ $142 37. Rxf1 37... Rxf1 $19) 37. Nb2 $2 (37. Nxe3
$142 37... f4+ 38. Kf3 $17) 37... Bd5 $19 38. Nd1 Rd2 (38... Rd3 39. Nxe3 Rxe3+
40. Kf2 Rxa3 41. g3 $19) 39. Nc3 $2 (39. Nxe3 $142 39... f4+ 40. Kg4 fxe3 41.
h4 $19) 39... f4+ $19 40. Kh4 Bxg2 41. Kh5 b4 (41... Rd6 42. Rxg2 Nxg2 43. Ne4
$19) 42. Na4 $2 (42. axb4 $142 42... c4 43. Kxh6 Bxh3 44. b5+ Kb7 45. Kg5 $19)
42... c4 (42... bxa3 $142 43. Rxc5+ Kd6 44. Ra5 $19) 43. h4 (43. axb4 Kb5 44.
Nc3+ Kxb4 45. Kxh6 Bxh3 46. Ne4 $19) 43... Kb5 44. Nc3+ (44. Rb1 Kxa4 45. Rxb4+
Ka5 46. Kxh6 46... c3 $19) 44... bxc3 45. Rxc3 Nc2 (45... Rd3 46. Rxg2 Nxg2 47.
Rc2 $19) 46. Rb1+ (46. Rc1 46... Be4 $19) 46... Kc5 47. Rb2 Be4 48. Rh3 (48.
Rb8 48... Bd3 $19) 48... Rd6 49. Rc3 (49. a4 Ne3 50. Rb5+ 50... Kd4 $19) 49...
Kd4 (49... Kd4 50. Rbxc2 50... Bd3 $19) (49... Ne3 $142 50. Rxe3 50... fxe3 $19
) 0-1

[Event "Bad Woerishofen op"]
[Site "Bad Woerishofen"]
[Date "2001.??.??"]
[Round "7"]
[White "Kunz, Konstantin"]
[Black "Bjarnason, Oskar"]
[Result "1-0"]
[WhiteElo "2196"]
[BlackElo "2163"]
[Annotator "ChessOrg"]
[PlyCount "124"]
[EventDate "1998.03.05"]
[Source "ChessBase"]
[SourceDate "1998.04.29"]

1. d4 {D10: Damengambit (Slawische Verteidigung)} 1... d5 2. c4 c6 3. e3 Bf5 4.
Nc3 e6 5. g4 {letzter Buchzug} 5... Bg6 6. h4 h6 7. h5 Bh7 8. Bd3 (8. Qb3 8...
Qc7 $11) 8... Bxd3 $15 9. Qxd3 Nf6 10. f3 Qc7 11. Nge2 Nbd7 12. Bd2 dxc4 13.
Qxc4 e5 14. O-O-O Nb6 15. Qb3 exd4 16. Nxd4 O-O-O 17. Kb1 Nbd5 (17... Bc5 18.
Nf5 $11) 18. Ncb5 (18. e4 Nb6 19. Ncb5 cxb5 20. Nxb5 $16) 18... Qb6 $11 19. e4
Nc7 (19... cxb5 20. exd5 20... Qxd4 $15) 20. Bf4 $4 (20. Nxc7 $5 $142 20...
Rxd4 21. Qxb6 (21. Qxf7 $143 21... Rd7 (21... Qxc7 $143 22. Qxc7+ Kxc7 23. Ba5+
b6 24. Bxb6+ axb6 25. Rxd4 $14) 22. Be3 Rxf7 (22... Qxe3 23. Rxd7 Nxd7 24. Rd1
Kxc7 25. Rxd7+ Kb6 26. Rxb7+ Ka6 27. a3 $14) (22... Qxc7 $6 23. Qe6 $17) 23.
Bxb6 23... axb6 $19 (23... Rxc7 $6 24. Bxc7 Kxc7 25. Kc2 $11)) 21... axb6 22.
Na8 $16) 20... Nxb5 $15 21. Nxb5 Qxb5 (21... cxb5 22. Rc1+ Bc5 23. Rxc5+ Qxc5
24. Rc1 Qxc1+ 25. Kxc1 $16) 22. Qxf7 Qb6 23. Qe6+ (23. Rxd8+ $5 23... Qxd8 24.
Qe6+ Nd7 25. Rc1 $15) 23... Nd7 $17 24. Rd3 c5 25. Qc4 Be7 26. Rhd1 Bf6 (26...
Rhf8 $5 $142 27. Bg3 27... Qc6 $19) 27. Rb3 $15 27... Qa6 28. Qd5 $2 (28. Qxa6
bxa6 29. Rd6 Ne5 30. Rxa6 Rd1+ 31. Kc2 Rf1 32. Rxa7 Rf2+ 33. Kd1 Rd8+ 34. Ke1
Rg2 35. Ra8+ Kd7 36. Rxd8+ Kxd8 37. Bxe5 Bxe5 38. Rd3+ 38... Kc7 $15) 28... Ne5
(28... Bd4 29. Ra3 Qb6 30. Rxd4 cxd4 31. Ra4 $15) 29. Qxc5+ $17 29... Qc6 30.
Rc1 Qxc5 31. Rxc5+ Nc6 32. Bg3 32... Rd7 $4 (32... Rd1+ 33. Rc1 Rhd8 34. f4 $17
) 33. a3 $4 (33. Rxc6+ $142 33... Kd8 34. Rd6 Rxd6 35. Bxd6 $18) 33... Rhd8 $4
(33... Rd1+ 34. Rc1 Rxc1+ 35. Kxc1 $17) 34. e5 (34. Rxc6+ Rc7 35. Rxc7+ Kb8 36.
Rcxb7+ Ka8 37. Rb8+ Rxb8 38. Rxb8#) 34... Be7 $17 35. Rcc3 Rd5 36. e6 Bd6 37.
f4 Rd1+ 38. Ka2 Re8 39. f5 Bxg3 40. Rxg3 Ne7 41. Rgd3 Rxd3 42. Rxd3 Kc7 (42...
Rd8 $5 $142 43. Rc3+ 43... Nc6 $15) 43. Rd7+ $14 43... Kc6 44. b3 a6 45. Kb2 b5
46. Kc2 Rc8 47. Kd3 Rc7 48. Rd8 Nd5 49. Ke4 Nf6+ 50. Kf4 Nd5+ 51. Kg3 Kc5 52.
Kh4 Re7 (52... Kd4 $5 $15) 53. g5 $11 53... hxg5+ 54. Kxg5 Kd4 55. Rd6 Ke5 (
55... Ke4 $5 $11) 56. Rxa6 $14 56... Rc7 57. Ra5 Rc1 (57... Rc3 58. Kg6 Kd6 59.
Rxb5 Rg3+ 60. Kf7 $16) 58. Kg6 (58. Rxb5 Rg1+ 59. Kh4 59... Kf4 $15) 58... Rg1+
59. Kf7 Rg5 60. f6 Rf5 61. e7 (61. Rxb5 Rxf6+ 62. Kxg7 62... Rxe6 $18) 61...
Rxf6+ $16 62. Kxg7 Re6 1-0

[Event "Bad Woerishofen op"]
[Site "Bad Woerishofen"]
[Date "2001.??.??"]
[Round "9"]
[White "Kunz, Konstantin"]
[Black "Maugg, Ludwig"]
[Result "1/2-1/2"]
[WhiteElo "2196"]
[BlackElo "2160"]
[Annotator "ChessOrg"]
[PlyCount "43"]
[EventDate "1998.03.05"]
[Source "ChessBase"]
[SourceDate "1998.04.29"]

1. Nf3 {A70: Benoni (Hauptsystem)} 1... Nf6 2. c4 g6 3. Nc3 Bg7 4. e4 d6 5. d4
O-O 6. h3 c5 7. d5 a6 8. a4 e6 9. Bd3 exd5 10. cxd5 Nh5 11. O-O Nd7 12. g4 {
letzter Buchzug} 12... Nhf6 13. Bf4 Ne8 14. Qe2 Ne5 (14... b6 15. Rad1 $11) 15.
Kg2 (15. Nxe5 dxe5 16. Be3 16... Qa5 $14) 15... b6 16. Nd2 (16. Nxe5 dxe5 17.
Be3 f5 18. exf5 gxf5 19. Bxf5 Bxf5 20. gxf5 20... Nd6 $14) 16... Nxd3 (16... f5
17. gxf5 gxf5 18. Bxe5 fxe4 19. Qxe4 $11) 17. Qxd3 f5 18. exf5 gxf5 19. g5 Ra7
20. Nf3 (20. Nc4 20... Bh8 $14) 20... Raf7 21. h4 (21. Rfe1 21... Nc7 $11)
21... Nc7 22. Rfd1 1/2-1/2

[Event "Bad Woerishofen op"]
[Site "?"]
[Date "2001.??.??"]
[Round "1"]
[White "Kuprejchik, Viktor"]
[Black "Reichwald, Klaus-Dieter"]
[Result "1-0"]
[WhiteElo "2453"]
[BlackElo "2018"]
[Annotator "ChessOrg"]
[PlyCount "47"]
[EventDate "2000.??.??"]

1. e4 {B07: Pirc-Ufimzew-Verteidigung} 1... d6 2. d4 Nf6 3. Nc3 g6 4. Be3 Bg7
5. Qd2 O-O 6. Nf3 6... Nbd7 {letzter Buchzug} 7. Bh6 e5 8. Bxg7 Kxg7 9. O-O-O
exd4 10. Nxd4 Nc5 11. f3 Bd7 12. g4 a6 13. h4 h5 14. Be2 b5 15. gxh5 Nxh5 16.
Rdg1 Rh8 17. Rg5 c6 (17... Nf6 18. Nf5+ Kg8 19. Rg2 $11) 18. Rhg1 (18. Nf5+
Bxf5 19. exf5 19... Qe7 $18) 18... Qf6 (18... b4 $5 $142 19. Nd1 Ne6 20. Nxe6+
20... Bxe6 $16) 19. Nf5+ $18 19... Bxf5 20. exf5 Rh6 21. Ne4 Nxe4 22. fxe4 Kh7
23. Bxh5 gxh5 (23... Rxh5 24. fxg6+ fxg6 25. Rxg6 25... Qf8 $18) 24. Qg2 (24.
Qg2 Qd8 25. f6 $18) 1-0

[Event "Bad Woerishofen op"]
[Site "Bad Woerishofen"]
[Date "2001.??.??"]
[Round "3"]
[White "Kuprejchik, Viktor"]
[Black "Stumpf, Heinz"]
[Result "1-0"]
[WhiteElo "2453"]
[BlackElo "2245"]
[Annotator "ChessOrg"]
[PlyCount "91"]
[EventDate "1998.03.05"]
[Source "ChessBase"]
[SourceDate "1998.04.29"]

1. e4 {B16: Caro-Kann (Nimzowitsch-Variante)} 1... c6 2. Nc3 d5 3. Nf3 dxe4 4.
Nxe4 Nf6 5. Nxf6+ gxf6 6. d4 Bf5 7. c3 e6 8. Bf4 {letzter Buchzug} 8... Nd7 9.
Be2 Nb6 10. O-O Nd5 11. Bg3 Bh6 12. Nd2 Bf4 13. c4 Bxg3 14. hxg3 (14. fxg3 $2
14... Ne3 15. Qb3 Nxf1 16. Kxf1 16... Qd7 $19) (14. cxd5 $6 14... Bc7 15. dxc6
15... Qd6 $11) 14... Ne7 15. Nf3 Bg4 16. Qd2 Qd6 17. Rad1 h5 18. Rfe1 O-O-O 19.
Nh4 Kb8 20. Qf4 (20. Qd3 $5 $11) 20... Qxf4 $17 21. gxf4 Rd7 22. f3 Bf5 23. Kf2
Rhd8 24. Ke3 (24. Nxf5 $143 24... Nxf5 (24... exf5 $6 25. Rh1 $11) 25. d5 25...
cxd5 $15) 24... Bc2 25. Rd2 Nf5+ 26. Nxf5 Bxf5 27. g4 Bg6 28. Red1 Rh8 29. d5
hxg4 (29... Kc7 30. dxe6 Rxd2 31. Rxd2 fxe6 32. c5 $11) 30. fxg4 $14 30... Rh3+
31. Bf3 f5 32. gxf5 Bh5 33. dxe6 Rxd2 (33... Rxf3+ $5 34. Ke4 Rxd2 35. Rxd2
fxe6 36. fxe6 36... Rf1 $11) 34. Kxd2 $16 (34. Rxd2 $6 34... Rxf3+ 35. Ke4 fxe6
36. fxe6 36... Rf1 $11) 34... Rxf3 35. Rh1 fxe6 36. Rxh5 Rxf4 37. fxe6 Re4 38.
Rh6 c5 39. Kd3 Re5 40. b4 Kc7 41. bxc5 Rxc5 42. Rh7+ Kc6 43. Kd4 Rg5 44. Rd7 (
44. a4 44... Rg1 $16) 44... Rg4+ (44... Rg2 $5 $14) 45. Ke5 $16 45... Rxc4 $4 (
45... Rg2 $142 46. a4 Re2+ 47. Kf6 Rf2+ 48. Ke7 Rh2 49. Rd6+ 49... Kc7 $16) 46.
Rd8 (46. Rd8 Rc5+ 47. Kf6 $18) 1-0

[Event "Bad Woerishofen op"]
[Site "Bad Woerishofen"]
[Date "2001.??.??"]
[Round "5"]
[White "Kuprejchik, Viktor"]
[Black "Kekelidse, Mikheil"]
[Result "1/2-1/2"]
[WhiteElo "2453"]
[BlackElo "2512"]
[Annotator "ChessOrg"]
[PlyCount "47"]
[EventDate "1998.03.05"]
[Source "ChessBase"]
[SourceDate "1998.04.29"]

1. e4 {B43: Sizilianisch (Paulsen-Variante)} 1... c5 2. Nf3 e6 3. Nc3 a6 4. g3
b5 5. d4 cxd4 6. Nxd4 Bb7 7. Bg2 Nf6 8. Qe2 b4 9. Na4 Qa5 10. b3 Nc6 11. Be3
Nxd4 12. Bxd4 Qb5 13. Qd3 13... e5 {letzter Buchzug} 14. Be3 (14. Bb2 14... Qc6
$11) 14... d5 15. exd5 Qxd3 16. cxd3 Bxd5 17. O-O Bxg2 18. Kxg2 Nd5 19. Rfe1
Kd7 20. Rac1 Bd6 (20... Nxe3+ $143 21. Rxe3 (21. fxe3 $143 21... Rd8 $11) 21...
Kd6 22. Nb6 $16) 21. d4 Rhe8 (21... Nxe3+ $143 22. Rxe3 (22. fxe3 $6 22... Ke7
$11) 22... exd4 23. Re4 $14) 22. dxe5 Rxe5 (22... Bxe5 $4 23. Red1 $18) (22...
Nxe3+ $4 23. Rxe3 (23. fxe3 $6 23... Bxe5 24. Nb6+ 24... Ke7 $18) 23... Bc7 24.
Rd3+ Kc8 25. Nb6+ Kb7 26. Nxa8 Bxe5 27. Re1 $18) 23. Red1 Nxe3+ (23... Rxe3 $4
24. Rxd5 Rc3 25. Nxc3 bxc3 26. Rxc3 $18) 24. fxe3 1/2-1/2

[Event "Bad Woerishofen op"]
[Site "Bad Woerishofen"]
[Date "2001.??.??"]
[Round "7"]
[White "Kuprejchik, Viktor"]
[Black "Sokolov, Andrei"]
[Result "1-0"]
[WhiteElo "2453"]
[BlackElo "2566"]
[Annotator "ChessOrg"]
[PlyCount "61"]
[EventDate "1998.03.05"]
[Source "ChessBase"]
[SourceDate "1998.04.29"]

1. e4 {B20: Sizilianisch} 1... c5 2. Ne2 d6 3. g3 3... h5 {letzter Buchzug} 4.
d4 h4 5. dxc5 Bg4 (5... Qa5+ 6. Qd2 Qxc5 7. Nbc3 $11) 6. gxh4 Nc6 (6... Qa5+ $5
7. Nbc3 7... dxc5 $14) 7. cxd6 $16 7... exd6 8. Bf4 (8. Bg2 Qxh4 9. Nbc3 9...
Nf6 $16) 8... Qxh4 (8... Bf3 9. Rg1 9... Qxh4 $16) 9. Nbc3 (9. Bxd6 O-O-O 10.
Qd5 10... Bxd6 $19) 9... Bxe2 10. Nxe2 (10. Qxe2 $5 $142 10... Qxf4 11. Nd5 $14
) 10... g5 $11 11. Be3 (11. Bxd6 $143 11... Qxe4 12. Bxf8 12... Qxh1 $15) 11...
Qxe4 12. Rg1 Qb4+ 13. c3 Qxb2 14. Rb1 Qxa2 15. Rxb7 Nf6 (15... Ne5 16. Nd4 g4
17. Rxg4 $14) 16. Nc1 (16. Bg2 Qc4 17. Qb3 Ne5 18. Qxc4 Nxc4 19. Bc6+ Kd8 20.
Bxg5 20... Be7 $18) 16... Qa5 (16... Qe6 17. Bb5 Rc8 18. Ne2 $16) 17. Rxg5 (17.
Bxg5 $143 17... Qxc3+ 18. Bd2 Qe5+ 19. Ne2 19... Qe6 $15 (19... Qxh2 $143 20.
Bg2 d5 21. Bf4 $16)) 17... d5 $4 (17... Qxc3+ $142 18. Bd2 18... Qd4 $14) 18.
Nb3 Qxc3+ 19. Bd2 Qb2 20. Bb5 Rc8 (20... Ba3 21. Bxc6+ 21... Kf8 $18) 21. Qe2+
Ne4 22. Rxd5 (22. Qg4 Qb1+ 23. Nc1 Qxc1+ 24. Bxc1 f5 25. Qxf5 Bb4+ 26. Kd1
Nxf2+ 27. Ke2 Rc7 28. Bxc6+ Kd8 29. Rb8+ Ke7 30. Rg7+ Kd6 31. Qxd5#) 22... Qb1+
23. Nc1 Bb4 24. Bxc6+ Rxc6 25. Rb8+ (25. Rxb4 $6 25... Rxc1+ 26. Bxc1 Qxc1+ 27.
Qd1 Qc3+ 28. Ke2 Qxb4 29. Rd8+ Ke7 30. Qd7+ Kf6 31. Rxh8 31... Kg7 $18) 25...
Ke7 26. Bxb4+ (26. Rxb4 Rxc1+ 27. Bxc1 Qxc1+ (27... Qxb4+ $143 28. Kf1 Rc8 29.
Be3 Qb1+ 30. Rd1 $16) 28. Rd1 Qc3+ 29. Kf1 29... Qxb4 $17) 26... Ke6 27. Re5+ (
27. Rxh8 Qxb4+ 28. Kf1 Kxd5 29. Qd3+ Ke5 30. Rh5+ f5 31. Rxf5+ Kxf5 32. Qd5+
Kg6 33. Qxc6+ 33... Nf6 $16) 27... Kxe5 28. Bc3+ $3 28... Kd6 29. Rxb1 (29.
Be5+ $1 $142 29... Kxe5 30. Rxb1 Kf6 31. Qb2+ 31... Nc3 $18) 29... Nxc3 30.
Qd3+ Kc7 (30... Nd5 $18) 31. Qg3+ (31. Qg3+ Kd8 32. Qb8+ Kd7 33. Rb7+ Ke6 34.
Qxh8 $18) 1-0

[Event "Bad Woerishofen op"]
[Site "Bad Woerishofen"]
[Date "2001.??.??"]
[Round "8"]
[White "Kuprejchik, Viktor"]
[Black "Aleksandrov, Alexei"]
[Result "0-1"]
[WhiteElo "2453"]
[BlackElo "2610"]
[Annotator "ChessOrg"]
[PlyCount "128"]
[EventDate "1998.03.05"]
[Source "ChessBase"]
[SourceDate "1998.04.29"]

1. e4 {C54: Italienische Partie (Hauptvariante)} 1... e5 2. Nf3 Nc6 3. Bc4 Bc5
4. c3 Nf6 5. d4 exd4 6. cxd4 Bb4+ 7. Bd2 Bxd2+ 8. Nbxd2 d5 9. exd5 Nxd5 10. Qb3
Na5 11. Qa4+ Nc6 12. O-O O-O 13. Bxd5 Qxd5 14. Rac1 14... Qd8 {letzter Buchzug}
15. Ne4 Ne7 16. Rfe1 Nd5 17. Qb3 c6 18. Nc3 Nb6 19. d5 (19. Qb4 19... Be6 $11)
19... cxd5 $15 20. Nd4 Qf6 21. Ndb5 Qg5 22. h4 Qxh4 23. Nc7 Rb8 24. Qa3 Bd7 25.
Qxa7 Qb4 26. b3 (26. N7xd5 $5 $142 26... Nxd5 27. Nxd5 Qxb2 28. Rb1 $15) 26...
Bc6 $17 27. N3b5 Na8 (27... Bxb5 $2 28. Qxb6 Rfd8 29. Nxb5 $18) 28. Qc5 Qxc5
29. Rxc5 Nxc7 30. Nxc7 Rfd8 31. Na6 Rbc8 32. Nb4 d4 33. Rd1 Rd6 34. a4 Kf8 35.
a5 (35. Rc4 $5 $15) 35... Bd7 $17 36. Nd3 Ke7 37. b4 b6 38. axb6 Rxb6 39. Ne5 (
39. Rd5 Rd6 40. Rxd6 40... Kxd6 $15) 39... Rd6 (39... Rxc5 40. bxc5 Rb4 41. f4
$17) 40. Rdc1 (40. Rxc8 $5 40... Bxc8 41. Nc4 $15) 40... Rxc5 $17 41. bxc5 Rd5
42. Nd3 Bb5 43. Nb4 Rd8 44. f3 d3 45. Re1+ Kd7 46. Kf2 h5 (46... Kc7 47. Ke3
$19) 47. Ke3 (47. Rd1 $5 $17) 47... Re8+ $19 48. Kd2 Re2+ 49. Rxe2 dxe2 50. Ke1
Ke6 (50... Bc4 51. f4 $19) 51. Kd2 (51. Na2 51... Kd5 $17) 51... g6 52. Ke1 Ke5
53. c6 Kd6 54. Kd2 (54. Nc2 54... h4 $17) 54... Bc4 55. Ke1 h4 56. Kf2 f5 (
56... g5 $5 57. Nc2 $19) 57. f4 $17 57... Bb5 58. Nc2 (58. c7 $142 58... Kxc7
59. Nd5+ Kd6 60. Nb4 $19) 58... Bxc6 59. Ne1 Be4 60. Kg1 Kc5 61. Kf2 Kb5 (61...
Kd5 62. Kxe2 Bxg2 63. Nxg2 $19) 62. Kg1 Kc4 63. Kf2 Kb3 64. Kxe2 Bxg2 (64...
Bxg2 65. Ke3 65... Kc3 $19) 0-1

[Event "Bad Woerishofen op"]
[Site "Bad Woerishofen"]
[Date "2001.??.??"]
[Round "2"]
[White "Lada, Ireneusz"]
[Black "Glek, Igor"]
[Result "0-1"]
[WhiteElo "2215"]
[BlackElo "2551"]
[Annotator "ChessOrg"]
[PlyCount "36"]
[EventDate "1998.03.05"]
[Source "ChessBase"]
[SourceDate "1998.04.29"]

1. c4 {A21: Englische Eroeffnung} 1... e5 2. Nc3 Bb4 3. Nd5 a5 4. Nxb4 {
letzter Buchzug} 4... axb4 5. d4 d6 6. b3 (6. dxe5 dxe5 7. Qxd8+ 7... Kxd8 $11)
6... Qe7 7. Bb2 Nf6 8. dxe5 dxe5 9. Nf3 e4 10. Nd4 e3 11. f3 (11. fxe3 11...
O-O $11) 11... O-O $17 12. Qc2 c5 13. Nf5 Bxf5 14. Qxf5 Nc6 15. g4 (15. Qg5 $5
$17) 15... Rfd8 $19 16. g5 $4 (16. Qg5 $19 $142) 16... Qd6 17. Qc2 (17. Bh3
Qd2+ 18. Kf1 18... Qxb2 $19) 17... Ne4 $1 18. Bc1 18... Qd2+ $3 (18... Qd2+ 19.
Qxd2 exd2+ (19... Nxd2 $143 20. a4 $19) 20. Bxd2 20... Nxd2 $19 (20... Rxd2 $6
21. fxe4 Rb2 22. e3 $17)) 0-1

[Event "Bad Woerishofen op"]
[Site "Bad Woerishofen"]
[Date "2001.??.??"]
[Round "4"]
[White "Lada, Ireneusz"]
[Black "Urban, Rudolf"]
[Result "1-0"]
[WhiteElo "2216"]
[BlackElo "2100"]
[Annotator "ChessOrg"]
[PlyCount "101"]
[EventDate "1998.03.05"]
[Source "ChessBase"]
[SourceDate "1998.04.29"]

1. c4 {A55: Altindisch} 1... e5 2. Nc3 Nf6 3. Nf3 d6 4. d4 Nbd7 5. g3 c6 6. e4
Be7 7. Bg2 O-O 8. O-O 8... Qc7 {letzter Buchzug} 9. b3 Re8 10. Bb2 Nf8 11. h3
Ng6 12. Rc1 Qa5 13. d5 cxd5 14. cxd5 Bd7 15. Nd2 b5 16. a3 Rec8 17. b4 Qb6 18.
Nb3 (18. Qf3 18... Rc7 $14) 18... Rc7 $11 19. Qd3 Rac8 20. Kh2 a6 21. Rc2 h6
22. Bc1 Be8 23. Be3 Qb8 24. Na5 Nd7 25. Nc6 Qb7 26. h4 Nb6 27. h5 Nf8 28. Bh3
Ra8 29. Na5 Qb8 30. Rfc1 30... Bd7 $2 (30... Nc4 $5 31. Nxc4 31... bxc4 $14)
31. Bxb6 (31. Nc6 $5 31... Bxc6 32. Bxb6 Bd7 33. Bxc7 Qxc7 34. Nxb5 Bxb5 35.
Rxc7 Bxd3 36. Rxe7 36... Bxe4 $18) 31... Qxb6 $16 32. Na4 $1 32... bxa4 33.
Rxc7 Qxf2+ 34. Bg2 Bb5 35. Qf3 Qxf3 36. Bxf3 Bg5 37. R1c2 f5 (37... Bd8 38. Rc8
Rxc8 39. Rxc8 Bxa5 40. bxa5 $18) 38. Rc8 (38. exf5 Bd8 39. R7c3 Bxa5 40. bxa5
40... Nd7 $18) 38... Rxc8 39. Rxc8 Bd3 40. Bd1 (40. exf5 $5 40... Bxf5 41. Rc3
41... Kf7 $18) 40... Bxe4 $16 41. Bxa4 (41. Nb7 Bxd5 42. Nxd6 e4 43. Bxa4 43...
e3 $16) 41... f4 $2 (41... Bxd5 $5 42. Bc6 42... Bf7 $11) 42. gxf4 (42. Bb3
42... f3 $18) 42... exf4 (42... Bxf4+ 43. Kg1 $16) 43. Bc2 (43. Bb3 Bh4 44. Re8
Bg3+ 45. Kg1 45... Bf5 $18) 43... Bf3 (43... Bxd5 44. Bd3 $16) 44. Bd3 Bxh5 45.
Bxa6 f3 (45... Kf7 46. Nc4 Be7 47. b5 $18) 46. b5 (46. Kg3 $5 46... Kf7 47. Nc4
47... Ke7 $18) 46... Bf4+ 47. Kh1 47... Bg4 $2 (47... Be3 $142 48. Nc4 Bd4 49.
Nxd6 49... f2 $16) 48. Rc4 Ng6 (48... g5 49. b6 49... Nd7 $18) 49. b6 Bh3 (
49... f2 50. Rxf4 $1 50... Nxf4 $18) 50. Rxf4 $1 50... Bg2+ (50... Nxf4 51. b7)
51. Kh2 (51. Kh2 Nxf4 52. b7 $18) 1-0

[Event "Bad Woerishofen op"]
[Site "Bad Woerishofen"]
[Date "2001.??.??"]
[Round "5"]
[White "Lada, Ireneusz"]
[Black "Schramm, Christian"]
[Result "0-1"]
[WhiteElo "2216"]
[BlackElo "2349"]
[Annotator "ChessOrg"]
[PlyCount "86"]
[EventDate "1998.03.05"]
[Source "ChessBase"]
[SourceDate "1998.04.29"]

1. c4 {A89: Hollaendische Verteidigung (Leningrader Variante)} 1... g6 2. Nc3
Bg7 3. Nf3 f5 4. g3 Nf6 5. Bg2 O-O 6. O-O d6 7. d4 Nc6 8. d5 Ne5 9. Nxe5 dxe5
10. e4 e6 11. b3 11... fxe4 {letzter Buchzug} 12. Nxe4 exd5 13. Nxf6+ Qxf6 (
13... Rxf6 $143 14. Bxd5+ Kh8 15. Bg5 $16) 14. Bxd5+ Kh8 15. Ba3 Re8 16. Be4
Bf8 17. Bxf8 Rxf8 18. Qe2 c6 19. Rfd1 Bf5 20. Rd2 Rad8 21. Rad1 Rd4 22. Rxd4
exd4 23. Bxf5 gxf5 24. Re1 24... Kg7 $14 (24... f4 $5 $11) 25. c5 (25. f4 25...
c5 $16) 25... Rd8 26. Kf1 Rd7 27. Qe8 Qf7 28. Qxf7+ Kxf7 29. Ke2 $2 $19 (29. f4
$11 $142) 29... Re7+ 30. Kd2 Rxe1 31. Kxe1 Ke6 32. Kd2 Kd5 33. b4 (33. a3 $19)
33... Kc4 34. a3 a5 35. f3 $4 (35. bxa5 $142 35... Kxc5 36. h3 $19) 35... axb4
36. axb4 Kxb4 37. g4 fxg4 (37... Kxc5 $143 38. g5 $19) 38. fxg4 Kxc5 39. h4 Kd5
40. g5 Ke5 41. h5 Kf5 42. g6 hxg6 43. h6 Kf6 (43... Kf6 44. Kd3 44... c5 $19)
0-1